| 000 | 01478nas a2200265 4500 | ||
|---|---|---|---|
| 001 | 113762 | ||
| 003 | DR-UNIBE | ||
| 005 | 20250620113507.0 | ||
| 008 | 250620b1997 it ||||| |||| 00| 0 eng d | ||
| 040 |
_cBIBLIOTECA UNIBE _aBIBLIOTECA UNIBE |
||
| 041 | _aeng | ||
| 082 | _aPP 305.352 I58di | ||
| 245 | 0 | 0 |
_aInnocenti digest (en inglés) / _cFondo de las Naciones Unidas para la Infancia, Centro Internacional para el Desarrollo del Niño |
| 260 |
_aFlorencia, Italia : _bFondo de las Naciones Unidas para la Infancia (UNICEF). Centro de Investigaciones Innocenti, _c1997 |
||
| 300 |
_avolúmenes : _bilustraciones ; _c29 cm |
||
| 310 | _aTres veces al año | ||
| 362 | _aNúmero 7 (marzo 2001) | ||
| 520 | 3 | _aEl Innocenti Digest es una publicación del Centro Internacional para el Desarrollo del Niño de UNICEF que trata de suministrar inforamación fiable y de fácil manejo sobre asuntos de interés relativos a los derechos del niño. Su objetivo es servir de instrumento de trabajo a quienes participan en la toma de decisiones a nivel ejecutivo, dirigen programas o de cualquier otra forma desarrollan su labor en ámbitos relacionados con la infancia. | |
| 650 | 7 |
_aDerechos del niño _9158531 _2lemb |
|
| 650 | 7 |
_aBienestar infantil _2lemb _95750 |
|
| 650 | 7 |
_aInstituciones de cuidados infantiles _2lemb |
|
| 655 | 7 |
_2lemb _aPublicaciones periódicas |
|
| 710 | 2 |
_aUNICEF. _bCentro Internacional para el Desarrollo del Niño _eautor _9196473 |
|
| 942 |
_2ddc _cCR |
||
| 999 |
_c113762 _d113762 |
||